Geography Quiz

Random Geography or City Quiz

USA Most Populous CIties Quiz Stats

 Plays Quiz not verified by Sporcle

Challenge
Share
Tweet
Embed
Score 0/10 Timer 05:00
0 Plays Today
Reigon City % Correct
SouthwestLos Angeles
95.2%
MidwestChicago
92.1%
SouthDallas
90.5%
NortheastNew York City
88.9%
SouthHouston
87.3%
NortheastPhiladelphia
87.3%
SouthwestPhoenix
81%
SouthwestSan Diego
77.8%
WestSan Jose
74.6%
SouthSan Antonio
73%

You're not logged in!

Compare scores with friends on all Sporcle quizzes.
Join for Free
OR
Log In

You Might Also Like...

Show Comments

Extras

Created May 15, 2014ReportNominate
Tags:City Quiz, Country Quiz, USA

Top Quizzes Today


Score Distribution

Your Account Isn't Verified!

In order to create a playlist on Sporcle, you need to verify the email address you used during registration. Go to your Sporcle Settings to finish the process.

Report this User

Report this user for behavior that violates our Community Guidelines.

Details: